| 000 | 00615nam a2200169Ia 4500 | ||
|---|---|---|---|
| 008 | 090201s9999 xx 000 0 und d | ||
| 010 | _aKPL-62648 | ||
| 040 | _bमराठी | ||
| 041 | _aमराठी | ||
| 082 |
_a19221 _b62648 |
||
| 100 | _aराजेंद्र बर्वे | ||
| 245 |
_aआत्मविश्वासाकडे वाटचाल _cराजेंद्र बर्वे |
||
| 260 |
_c2004 _bमनोविकास प्रकाशन |
||
| 300 |
_a87 _bमोठा |
||
| 600 | _aआत्मविश्वासाकडे वाटचाल | ||
| 942 | _cBOOK | ||
| 999 |
_c219048 _d219048 |
||